00332nam a2200109Ia 4500008004100000082000800041100001800049245003500067942000600102952009900108999001500207240331s9999 xx 000 0 und d bAGA aAgasthiyar, S 0aEri neruppil idai pathai illai cL 001040708LaWERCLbWERCLcSSCd2024-03-31l0o 894.811 AGAp5386r2024-03-31w2024-03-31yL c3855d3855